000 00537nam a2200181 4500
001 112259
003 ES-MaACL
005 20230906185503.0
007 t|
008 061121s1983 sp r ||||1| spa d
100 1 _aMuñoz Conde, Francisco.
_984376
245 1 0 _aDerecho penal
_b: parte especial /
_cFrancisco Muñoz Conde.
250 _a5ª ed. puesta al día.
260 _aSevilla :
_bUniversidad,
_c1983.
300 _aXIX, 764 p. ;
_c21 cm.
710 2 _aUniversidad de Sevilla.
_97301
852 _aES-MaACL
_jL-5294
_bR.105828
999 _c112259
_d112259